000 00643nam a22002057a 4500
003 OSt
005 20140310182452.0
008 130805t xxu||||| |||| 00| 0 eng d
020 _a9780763745035
050 _aRJ 216
_b.C657 2008
245 _aCore Curriculum for Lactation Consultant Practice /
_bedited by Rebecca Manuel, Patricia J. Martens and Marsha Walker
250 _a2nd ed.
260 _aUSA :
_bJones and Barlett Publishers,
_cc2008.
300 _a774 p. :
_bill. ;
_c23 cm.
650 _aBreast Feeding.
_98152
650 _aLactation.
_98153
650 _aMothers
_xeducation.
_98154
942 _2lcc
_cSSLC
999 _c13684
_d13684